000 01121nam0a22002771 4500
001 rc\2324060
005 20250623045902.0
035 _a(NLR Aleph) 006580275
090 _a7038280
_c7038280
100 _a20110829d1977 |||y0rusy50 ca
101 0 _arus
102 _aRU
105 _ay cj |||||
200 1 _aМетодические указания лектору на тему: "Методика подготовки и чтения лекции на общественно-политическую тему"
210 _aКировоград
_cБ. и.
_d1977
215 _a39 с.
_d19
225 1 _aО-во "Знание" УССР. Кировогр. обл. организация. Методические материалы в помощь лектору
300 _aНа 38-й с.: подгот. к. э. н., доц. Л.М. Бренер
320 _aБиблиогр.: с. 37
702 1 _aБренер
_bЛ.М.
_gЛев Михайлович
_4570
801 0 _aRU
_bNLR
_gpsbo
801 1 _aRU
_bELAR
_2rusmarc
852 _aNLR
_j77-4/16793
899 _aRuMoRGB
_jМ 77-11/2080
942 _cBOOK
980 _aNB